Normal view
MARC view
- Apple Computer, Inc.
Entry Corporate Name
001 - CONTROL NUMBER
- control field: 105909
003 - CONTROL NUMBER IDENTIFIER
- control field: NUST
005 - DATE AND TIME OF LATEST TRANSACTION
- control field: 20221226115948.0
008 - FIXED-LENGTH DATA ELEMENTS
- fixed length control field: 221226|| aca||aabn | a|a d
040 ## - CATALOGING SOURCE
- Original cataloging agency: NUST
- Transcribing agency: NUST
110 ## - HEADING--CORPORATE NAME
- Corporate name or jurisdiction name as entry element: Apple Computer, Inc.
- General subdivision: historia
670 ## - SOURCE DATA FOUND
- Source citation: Work cat.: (NUST)192444: Isaacson, Walter 105907, Steve Jobs /, 2011
